<?xml version='1.0' encoding='UTF-8'?>
  <record xmlns="http://www.loc.gov/MARC21/slim">
    <leader>00000cam a2200000Mi 4500</leader>
    <controlfield tag="001">ocm13930576</controlfield>
    <controlfield tag="003">OCoLC</controlfield>
    <controlfield tag="005">20250901105836.1</controlfield>
    <controlfield tag="008">860724s1910    gw fh         000 0 lat  </controlfield>
    <datafield tag="010" ind1=" " ind2=" ">
      <subfield code="a">   27025488 </subfield>
    </datafield>
    <datafield tag="040" ind1=" " ind2=" ">
      <subfield code="a">DLC</subfield>
      <subfield code="b">eng</subfield>
      <subfield code="c">UBY</subfield>
      <subfield code="d">OCL</subfield>
      <subfield code="d">OCLCQ</subfield>
      <subfield code="d">OCLCG</subfield>
      <subfield code="d">OCLCQ</subfield>
      <subfield code="d">ERN</subfield>
      <subfield code="d">OCLCO</subfield>
      <subfield code="d">OCLCA</subfield>
      <subfield code="d">OCLCQ</subfield>
      <subfield code="d">OCLCA</subfield>
      <subfield code="d">OCLCF</subfield>
      <subfield code="d">OCLCO</subfield>
      <subfield code="d">OCLCQ</subfield>
      <subfield code="d">CNUTO</subfield>
      <subfield code="d">CLE</subfield>
      <subfield code="d">QGJ</subfield>
      <subfield code="d">OCLCO</subfield>
      <subfield code="d">OCLCL</subfield>
      <subfield code="d">OCLCQ</subfield>
    </datafield>
    <datafield tag="019" ind1=" " ind2=" ">
      <subfield code="a">4544665</subfield>
      <subfield code="a">221767982</subfield>
      <subfield code="a">1055946453</subfield>
      <subfield code="a">1056794453</subfield>
    </datafield>
    <datafield tag="029" ind1="1" ind2=" ">
      <subfield code="a">AU@</subfield>
      <subfield code="b">000011311769</subfield>
    </datafield>
    <datafield tag="029" ind1="1" ind2=" ">
      <subfield code="a">NLGGC</subfield>
      <subfield code="b">061506028</subfield>
    </datafield>
    <datafield tag="035" ind1=" " ind2=" ">
      <subfield code="a">(OCoLC)13930576</subfield>
      <subfield code="z">(OCoLC)4544665</subfield>
      <subfield code="z">(OCoLC)221767982</subfield>
      <subfield code="z">(OCoLC)1055946453</subfield>
      <subfield code="z">(OCoLC)1056794453</subfield>
    </datafield>
    <datafield tag="041" ind1="0" ind2=" ">
      <subfield code="a">lat</subfield>
      <subfield code="a">gle</subfield>
    </datafield>
    <datafield tag="050" ind1="0" ind2="0">
      <subfield code="a">Z115Z.B59</subfield>
      <subfield code="b">E3</subfield>
    </datafield>
    <datafield tag="055" ind1=" " ind2="4">
      <subfield code="a">Z115.I7</subfield>
      <subfield code="b">B5 1910</subfield>
    </datafield>
    <datafield tag="082" ind1="0" ind2="4">
      <subfield code="a">220.4</subfield>
      <subfield code="1">https://id.oclc.org/worldcat/ddc/E3JgFpXY3MWV4JVGkvypQPh7Wp</subfield>
    </datafield>
    <datafield tag="130" ind1="0" ind2=" ">
      <subfield code="a">Bible.</subfield>
      <subfield code="p">Epistles.</subfield>
      <subfield code="k">Manuscripts, Latin.</subfield>
      <subfield code="f">1910.</subfield>
    </datafield>
    <datafield tag="245" ind1="1" ind2="0">
      <subfield code="a">Epistolae beati Pauli glosatae glosa interlineali :</subfield>
      <subfield code="b">Itisch-Lateinischer codex der Würzburger Universitätsbibliothek /</subfield>
      <subfield code="c">in lichtdruck herausgegeben und mit einleitung und inhaltsübersicht versehen von Ludw. Chr. Stern.</subfield>
    </datafield>
    <datafield tag="260" ind1=" " ind2=" ">
      <subfield code="a">Halle A.S. :</subfield>
      <subfield code="b">Max Niemeyer,</subfield>
      <subfield code="c">1910.</subfield>
    </datafield>
    <datafield tag="300" ind1=" " ind2=" ">
      <subfield code="a">xxxvi pages, 1 leaf, 36 leaves of plates :</subfield>
      <subfield code="b">facsimiles ;</subfield>
      <subfield code="c">41 cm</subfield>
    </datafield>
    <datafield tag="336" ind1=" " ind2=" ">
      <subfield code="a">text</subfield>
      <subfield code="b">txt</subfield>
      <subfield code="2">rdacontent</subfield>
    </datafield>
    <datafield tag="337" ind1=" " ind2=" ">
      <subfield code="a">unmediated</subfield>
      <subfield code="b">n</subfield>
      <subfield code="2">rdamedia</subfield>
    </datafield>
    <datafield tag="338" ind1=" " ind2=" ">
      <subfield code="a">volume</subfield>
      <subfield code="b">nc</subfield>
      <subfield code="2">rdacarrier</subfield>
    </datafield>
    <datafield tag="500" ind1=" " ind2=" ">
      <subfield code="a">Bound in 3/4 contemporary pigskin with title in gilt on spine.</subfield>
    </datafield>
    <datafield tag="630" ind1="0" ind2="0">
      <subfield code="a">Bible</subfield>
      <subfield code="v">Manuscripts</subfield>
      <subfield code="v">Facsimiles.</subfield>
    </datafield>
    <datafield tag="650" ind1=" " ind2="0">
      <subfield code="a">Manuscripts, Irish</subfield>
      <subfield code="v">Facsimiles.</subfield>
    </datafield>
    <datafield tag="650" ind1=" " ind2="0">
      <subfield code="a">Manuscripts, Latin</subfield>
      <subfield code="v">Facsimiles.</subfield>
    </datafield>
    <datafield tag="650" ind1=" " ind2="0">
      <subfield code="a">Irish language</subfield>
      <subfield code="y">To 1100</subfield>
      <subfield code="v">Texts.</subfield>
    </datafield>
    <datafield tag="650" ind1=" " ind2="6">
      <subfield code="a">Manuscrits latins</subfield>
      <subfield code="v">Fac-similés.</subfield>
    </datafield>
    <datafield tag="650" ind1=" " ind2="6">
      <subfield code="a">Irlandais (Langue)</subfield>
      <subfield code="y">Jusqu'à 1100</subfield>
      <subfield code="v">Textes.</subfield>
    </datafield>
    <datafield tag="630" ind1="0" ind2="7">
      <subfield code="a">Bible.</subfield>
      <subfield code="2">fast</subfield>
      <subfield code="0">(OCoLC)fst01356024</subfield>
    </datafield>
    <datafield tag="650" ind1=" " ind2="7">
      <subfield code="a">Irish language.</subfield>
      <subfield code="2">fast</subfield>
      <subfield code="0">(OCoLC)fst00978987</subfield>
    </datafield>
    <datafield tag="650" ind1=" " ind2="7">
      <subfield code="a">Manuscripts, Irish.</subfield>
      <subfield code="2">fast</subfield>
      <subfield code="0">(OCoLC)fst01008375</subfield>
    </datafield>
    <datafield tag="650" ind1=" " ind2="7">
      <subfield code="a">Manuscripts, Latin.</subfield>
      <subfield code="2">fast</subfield>
      <subfield code="0">(OCoLC)fst01008395</subfield>
    </datafield>
    <datafield tag="648" ind1=" " ind2="7">
      <subfield code="a">To 1100</subfield>
      <subfield code="2">fast</subfield>
    </datafield>
    <datafield tag="655" ind1=" " ind2="7">
      <subfield code="a">Facsimiles.</subfield>
      <subfield code="2">fast</subfield>
      <subfield code="0">(OCoLC)fst01411642</subfield>
    </datafield>
    <datafield tag="655" ind1=" " ind2="7">
      <subfield code="a">Manuscripts.</subfield>
      <subfield code="2">fast</subfield>
      <subfield code="0">(OCoLC)fst01424060</subfield>
    </datafield>
    <datafield tag="655" ind1=" " ind2="7">
      <subfield code="a">Texts.</subfield>
      <subfield code="2">fast</subfield>
      <subfield code="0">(OCoLC)fst01423705</subfield>
    </datafield>
    <datafield tag="700" ind1="1" ind2=" ">
      <subfield code="a">Stern, Ludwig Christian,</subfield>
      <subfield code="d">1846-1911,</subfield>
      <subfield code="e">editor.</subfield>
      <subfield code="1">https://id.oclc.org/worldcat/entity/E39PBJdRvWvTwXtGHr6CWYTCQq</subfield>
    </datafield>
    <datafield tag="730" ind1="0" ind2=" ">
      <subfield code="a">Bible.</subfield>
      <subfield code="p">Epistles of Paul.</subfield>
      <subfield code="l">Latin.</subfield>
      <subfield code="g">Wurzburg. Universitat. Bibliothek.</subfield>
      <subfield code="k">Manuscript. (Mp. th. f. 12).</subfield>
      <subfield code="f">1910.</subfield>
    </datafield>
    <datafield tag="758" ind1=" " ind2=" ">
      <subfield code="i">has work:</subfield>
      <subfield code="a">Epistles 1910 Manuscripts, Latin Bible (Text)</subfield>
      <subfield code="1">https://id.oclc.org/worldcat/entity/E39PCH74HxPG4qPpwwfW7TqqQq</subfield>
      <subfield code="4">https://id.oclc.org/worldcat/ontology/hasWork</subfield>
    </datafield>
  </record>